000 00651nam a2200229Ia 4500
005 20250508165017.0
008 008 250505s9999 xx 000 0 eng d
020 _a81-85569-22-3
037 _aTextual
040 _aFEDL
_beng
_cFEDL
041 _aeng
_2eng
084 _a155.9, BON
_qFEDL
100 _aBonnes Mirilia
_9779695
245 0 _aEnvironmental psychology: A psycho-social introduction
260 _aLondon, UK
_bSage Publications
_c1995
300 _avii,230p.
365 _aGBP
_b12.95
546 _aMACESE
700 _a Secchiaroli Gianfranco
_9779696
942 _cTEXL
_h155.9, BON
999 _c1392638
_d1392638